00485nmm a2200157Ia 4500008004100000020001800041041000800059100003500067245004300102264006600145300001800211650002300229856005100252942000700303999001700310251105s9999||||xx |||||||||||||||||und|| a9791021314245 aspa aMenéndez y Pelayo, Marcelino 0aObras de Marcelino Menéndez y Pelayo a[París, Francia] :bEdiciones la Biblioteca Digital, c2012 a370 páginas aSpanish literature uhttps://public.digitaliapublishing.com/a/26331 cCF c98072d98072